000 00930cam a2200313Ia 4500
001 32264903
003 OCoLC
005 20181015173443.0
008 950406s1993 sp a j 000 1 spa d
020 _a8423323358 (hard) :
_c$9.00
020 _a9788423323357 (hard)
040 _aCS1
_cCS1
_dCGP
041 1 _aspa
_heng
092 _aJ SPA PICTURE BOOK
100 1 _aButterworth, Nick.
240 0 0 _aRescue party.
_lSpanish.
245 1 3 _aUn dia libre ajetreado /
_cNick Butterworth ; [traduccion, Paulina Fariza].
250 _a1. ed.
260 _aBarcelona :
_bDestino,
_c1993.
300 _a1 v. (unpaged) :
_bcol. ill. ;
_c23 cm.
500 _aTranslation of: The rescue party.
650 0 _aAnimals
_vFiction.
650 0 _aRabbits
_vFiction.
650 0 _aRescues
_vFiction.
650 7 _aAnimales
_vNovela.
_2bidex.
650 7 _aConejos
_xNovela.
_2bidex.
650 7 _aRescates
_xNovela.
_2bidex.
942 _cBK
999 _c21375
_d21375